00841nam a22001937a 4500003000200000005001700002008004100019050002600060100003400086245017300120260008500293300002800378504004100406650004100447650003300488650004200521650004100563650004300604020250114144115.0160118b xxu||||| |||| 00| 0 eng d aPHS HM 742b.K98 2015 aKwang, Seong Jin ( Peter Jin) aThe relationship in social media engagement to the interpersonal skills of senior students of Southville International School and CollegescKwang Seong Jin ( Peter Jin) cLas Piñas, Philippines :aSouthville International School and Colleges,b2015. a26 p. :bill. ;c28 cm. aIncludes bibliographical references. aSocial mediavPsychological aspects. aInterpersonal communication. aInterpersonal relationsvAdolescents. aSocial mediavInfluence on behavior. aHigh school studentsvSocial behavior.